Score 0/30 Timer 10:00
0 Plays Today
% Correct
mickey
97.7%
ariel
89.5%
bruce
87.2%
piglet
87.2%
woody
86%
nemo
84.9%
ber rabbit
84.9%
timon
83.7%
belle
83.7%
tarzan
83.7%
kermit
83.7%
lightning
82.6%
kaa
80.2%
chip and dale
79.1%
chip
79.1%
% Correct
newisies
79.1%
clarabelle
77.9%
barbie
77.9%
nana
74.4%
pinnocchio
73.3%
sulley
73.3%
boo
70.9%
scrooge
67.4%
rizo
67.4%
wendy
59.3%
smee
57%
stich
53.5%
pleekly
48.8%
mike
44.2%
sebatian
44.2%

You're not logged in!

Compare scores with friends on all Sporcle quizzes.
OR
Log In

Sporcle TV

Today on Sporcle TV


Watch our educational content, quiz creation guides, and fun videos on Sporcle TV.

Show Comments

Extras

Created Oct 25, 2013ReportNominate
Tags:Clickable Quiz, Disney Quiz

Top Quizzes Today


Score Distribution

Paid Content

Your Account Isn't Verified!

In order to create a playlist on Sporcle, you need to verify the email address you used during registration. Go to your Sporcle Settings to finish the process.

Report this User

Report this user for behavior that violates our Community Guidelines.

Details: